000 00306nam a22001337a 4500
008 170628b xxu||||| |||| 00| 0 eng d
020 _a9780132469326
041 _aeng
080 _24 ED
_a82
100 _a22
101 _aGJL
245 _aFUNDAMENTALS ENGLISH GRAMMAR
_cAZAR.B.S
942 _2udc
_cBK
999 _c19437
_d19437